عرض عادي
عرض مارك
- Bick, U.
مدخل إسم شخص
001 - رقم الضبط
- حقل الضبط: 16203
003 - معرف رقم الضبط
- حقل الضبط: OSt
005 - تاريخ ووقت أخر عملية
- حقل الضبط: 20120623152404.0
008 - عناصر بيانات ثابتة الطول
- حقل تحكم ثابت الطول: 120623|||a|||||| | ||| d
040 ## - مصدر الفهرسة
- هيئة الفهرسة الأصلية: OSt
- وكالة الكتابة: OSt
100 ## - مدخل -- أسم شخص
- إسم شخص: Bick, U.
- الشكل الكامل للاسم: (Ulrich)
670 ## - بيانات المصدر موجوده
- الاستشهاد بالمصدر: Work cat.: (OSt)0: Digital mammography, 2010.
